00370nam a2200133Ia 4500003000900000008004100009040003300050041000800083080001100091245006900102260003200171300002200203650001100225LK-CoDNM010623t1927 xxu||||| |||| 00| 1 eng d aLK-CoDNMdLK-CoDNMeLK-CoDNM aeng a50bC7 aOfficial Hand book of the visit of the M.C.C Team to Ceylon 1927 bC.A.C. PressaColomboc1927 b41P,17ill., 20 cm aSports